000 00347nam a2200145Ia 4500
005 20251222144651.0
008 251222s9999||||xx |||||||||||||| ||spa||
020 _a9786074877854
082 _a025.2/B24D/T.1
100 _aBarnard Amozorrutia, Alicia
245 0 _aLos Archivos Digitales:
250 _a1ra.ed.
264 _bBUAP
942 _cLIB
999 _c17065
_d17065